tv shows in french - Statistics

General Stats
  • This quiz has been taken 24 times
  • The average score is 9 of 15
Answer Stats
Hint Answer % Correct
Maison house
92%
Le sexe et la ville sex and the city
92%
amis friends
83%
Château castle
75%
Nouvelle fille new girl
75%
le bureau the office
75%
toi you
75%
perdue lost
71%
Le bon endroit the good place
50%
Le pitt the pitt
50%
Frange fringe
42%
Costumes suits
38%
Une colline d'arbre one tree hill
25%
Personne ne veut ça nobody wants this
21%
un million de petites choses a millon little things
0%
No matching quizzes found
Score Distribution
Percent of People with Each Score
Percentile by Number Answered
Your Score History
You have not taken this quiz